000 00779nam a2200217 a 4500
001 78577
003 BD-RjUL
005 20211209083138.0
008 211011s1976 ii ||||| |||| 00| 0 ben d
035 _a(BD-RjUL)
040 _aBD-RjUL
_beng
_cBD-RjUL
041 _aben
082 _223
_a297.095409
_bDAB 1976
100 _aদাশগুপ্ত, সুরজিৎ
_9249059
245 1 0 _aভারতবর্ষ ও ইসলাম /
_cসুরজিৎ দাশগুপ্ত
260 _aকলিকাতা :
_bশঙ্কর প্রকাশন,
_c১৯৭৬
300 _a৩০৯ পৃ.;
_c২২ সেমি.
650 _aইসলাম
_zভারত
_xইতিহাস
_9249060
650 _aIslam
_zIndia
_xHistory.
_9249061
942 _2ddc
_cBK
999 _c78577
_d78577